000 00577nam a2200229Ia 4500
003 OSt
005 20220924153112.0
006 a|||||r|||| 00| 0
007 ta
008 220923b |||||||| |||| 00| 0 guj d
024 _a346802
037 _cTextual
040 _aARTS
_cARTS
_bguj
041 _2guj
_aguj
082 _aO156,3N211,12, J7
100 _aChandervakar
_9228118
245 0 _aBhavni kamani
260 _c1957
650 _aGUJRATI LITERATURE
942 _hO156,3N211,12, J7
_cTEXL
_2CC
999 _c472323
_d472323